| 000 | 00488cam a22001931 4500 | ||
|---|---|---|---|
| 001 | he 66001659 | ||
| 003 | DLC | ||
| 005 | 20260227111441.0 | ||
| 008 | 860508s1966 is 000 0 heb | ||
| 010 | _ahe 66001659 | ||
| 035 | _a(OCoLC)13548000 | ||
| 040 |
_aDLC _cWM _dCU _dTxU _dDLC |
||
| 042 | _apremarc | ||
| 050 | 0 | 0 |
_aPJ5054.R338 _bL3 |
| 100 | 1 |
_aRashkes, Moshe, _d1928- |
|
| 245 | 1 | 0 | _aLailah yirdof lailah. |
| 260 |
_aRamat-Gan : _bMasadah, _c1966. |
||
| 300 |
_a151 p. ; _c22 cm. |
||
| 999 |
_c31958 _d31958 |
||